History Quiz

Random History or Justice Quiz

Institutions of the European Union Quiz Stats

Quiz not verified by Sporcle

Challenge
Share
Tweet
Embed
Score 0/7 Timer 03:00
0 Plays Today
% Correct
European Central Bank
86.9%
Court of Justice of the European Union
83%
European Parliament
76.3%
European Court of Auditors
62.9%
European Council
58.4%
Council of the European Union
58%
European Commission
54.7%

You're not logged in!

Compare scores with friends on all Sporcle quizzes.
Sign Up with Email
OR
Log In

You Might Also Like...

Show Comments

Extras

Top Quizzes Today


Score Distribution

Your Account Isn't Verified!

In order to create a playlist on Sporcle, you need to verify the email address you used during registration. Go to your Sporcle Settings to finish the process.